Haiwan dan tempat tinggalnya

Bibliographic Details
Main Author: Feltwell, John
Other Authors: Zaiton Abu Samah
Format: Book
Published: Kuala Lumpur : Dewan Bahasa Dan Pustaka , 1995
Subjects:

MARC

LEADER 00000cam a2200000 7i4500
001 0000012027
002 000013113
005 20011126.0
020 |a 9836247831 
090 0 0 |a 591   |b FEL 
100 1 |a Feltwell, John 
245 1 0 |a Haiwan dan tempat tinggalnya   |c John Feltwell ; terjemahan Zaiton Abu Samah 
260 |a Kuala Lumpur :   |b Dewan Bahasa Dan Pustaka ,   |c 1995 
300 |a 64p. :   |b ill. ;   |c 30cm. 
650 0 0 |a Animals   |x Habits and behavior   |x Juvenile literature 
700 0 |a Zaiton Abu Samah 
999 |a 054172   |b BUKU   |c PINJAMAN   |e PERPUSTAKAAN KOMUNITI CAW KOTA DAMANSARA